000 00623nam a2200193 4500
001 143553
003 ES-MaACL
005 20251015063133.0
007 t|
008 070214s1968 sp r ||||1| spa d
100 1 _aServan-Schreiber, Jean-Jacques,
_d1924-2006
_9105855
245 1 3 _aEl desafío americano /
_cJean-Jacques Servan-Schreiber ; [traducción de J. Ferrer Aleu].
250 _a[1ª ed.].
260 _aBarcelona [etc.] :
_bPlaza & Janés,
_c1968 (
_fGuarda)
300 _a312 p. ;
_c23 cm.
700 1 _aFerrer Aleu, J.
_950442
852 _aES-MaACL
_jC-34365
_bR.65051
999 _c143553
_d143553